Title in the Lyrics - Olivia Rodrigo Version - Statistics

General Stats
  • This quiz has been taken 84 times
  • The average score is 9 of 10
Answer Stats
Lyric Song % Correct
Bloodsucker, fame fucker / Bleedin' me dry like a goddamn _______ vampire
100%
Ego crush is so severe / God, it's ______ out here brutal
97%
I got my _______ _______ last week / Just like we always talked about drivers license
97%
So find someone great, but don't find no one better / I hope you're happy, but don't be _______ happier
97%
I wanna ___ ___ ____ / I wanna make him really jealous, wanna make him feel bad get him back!
96%
The things you did / Well, I hope I was your ________ _____ favorite crime
91%
I'm here, I'm there, I'm evеrywhere / But you ____ _____ __ ___ Can't Catch Me Now
82%
Push away all the people who know me the best / But it's me who's been ______ ___ ___ making the bed
82%
When ______ ____ ______ enough, what do you do? / And everybody's keepin' it up, so you think it's you pretty isn't pretty
75%
And I can't say I'm a perfect ten / But I am the ____ ___ ______ ____ girl i've always been
69%
No matching quizzes found
Score Distribution
Percent of People with Each Score
Percentile by Number Answered
Your Score History
You have not taken this quiz